Southville International School and Colleges
Your cart is empty.
  • Cart
  • Lists
    Public lists Eva Luna New books Lux_list list_1
    Your lists Log in to create your own lists
  • Log in to your account
  • Your cookies
  • Search history
Southville International School and Colleges
  • Advanced search
  • Recent comments
  • Most popular
  • Libraries

Log in to your account

Log in with GOOGLE


If you do not have an external account, but do have a local account, you can still log in:

  1. Home
  2. MARC view: Rome sweet home :
Normal view MARC view ISBD view

Rome sweet home : (Record no. 368647)

[ view plain ]
MARC details
000 -LEADER
fixed length control field 00750nam a22002177a 4500
003 - CONTROL NUMBER IDENTIFIER
control field 0
005 - DATE AND TIME OF LATEST TRANSACTION
control field 20251114122559.0
008 - FIXED-LENGTH DATA ELEMENTS--GENERAL INFORMATION
fixed length control field 251114b xxu||||| |||| 00| 0 eng d
020 ## - INTERNATIONAL STANDARD BOOK NUMBER
International Standard Book Number 978-0-89870-478-5
050 ## - LIBRARY OF CONGRESS CALL NUMBER
Classification number BX 4658.53
Item number .H34 1993
100 ## - MAIN ENTRY--PERSONAL NAME
Personal name Hahn, Scott,
Relator term author.
245 ## - TITLE STATEMENT
Title Rome sweet home :
Remainder of title our journey to Catholicism /
Statement of responsibility, etc Scott Hahn & Kimberly Hahn.
260 ## - PUBLICATION, DISTRIBUTION, ETC. (IMPRINT)
Place of publication, distribution, etc San Francisco :
Name of publisher, distributor, etc Ignatius Press,
Date of publication, distribution, etc 1993.
300 ## - PHYSICAL DESCRIPTION
Extent xiv, 182 pages :
Other physical details illustrations ;
Dimensions 21 cm.
650 ## - SUBJECT ADDED ENTRY--TOPICAL TERM
Topical term or geographic name as entry element Catholic converts
Geographic subdivision United States
General subdivision Biography.
650 ## - SUBJECT ADDED ENTRY--TOPICAL TERM
Topical term or geographic name as entry element Conversion
General subdivision Catholic Church.
650 ## - SUBJECT ADDED ENTRY--TOPICAL TERM
Topical term or geographic name as entry element Catholic Church
General subdivision Doctrines.
650 ## - SUBJECT ADDED ENTRY--TOPICAL TERM
Topical term or geographic name as entry element Married people
General subdivision Religious life
Form subdivision Catholic Church.
700 ## - ADDED ENTRY--PERSONAL NAME
Personal name Hahn, Kimberly,
Relator term author.
942 ## - ADDED ENTRY ELEMENTS (KOHA)
Source of classification or shelving scheme Library of Congress Classification
Koha item type Books
Holdings
Withdrawn status Lost status Source of classification or shelving scheme Damaged status Home library Current library Shelving location Date acquired Source of acquisition Sub Shelving location Total Checkouts Full call number Barcode Date last seen Price effective from Koha item type
    Library of Congress Classification   College Library College Library General Circulation Section 08/01/2024 Donation     BX 4658.53 .H34 1993 C25679 11/14/2025 11/14/2025 Books

Rome sweet home :

APA

Hahn S., Hahn K., . (1993). Rome sweet home. San Francisco: Ignatius Press.

Chicago

Hahn Scott, Hahn Kimberly, . 1993. Rome sweet home. San Francisco: Ignatius Press.

Harvard

Hahn S., Hahn K., . (1993). Rome sweet home. San Francisco: Ignatius Press.

MLA

Hahn Scott, Hahn Kimberly, . Rome sweet home. San Francisco: Ignatius Press. 1993.

  • Place hold
  • Print
  • Cite
  • Add to your cart (remove)
  • Save record
    BIBTEX Dublin Core MARCXML MARC (non-Unicode/MARC-8) MARC (Unicode/UTF-8) MARC (Unicode/UTF-8, Standard) MODS (XML) RIS
  • More searches
    Search for this title in:
    Other Libraries (WorldCat) Other Databases (Google Scholar) Online Stores (Bookfinder.com) Open Library (openlibrary.org)

Exporting to Dublin Core...

SOUTHVILLE LIBRARY

Southville International School and Colleges Library

1281 Tropical Ave. Cor. Luxembourg St., BF Homes International, Las Pinas City

Tel. No. 8256374 / 252358 Loc. 117/146

Powered by Koha